|
|
|
|
| LEADER |
00000nam a2200000 a 4500 |
| 001 |
vtls001370773 |
| 003 |
SK-MaSNL |
| 005 |
20260301161136.0 |
| 008 |
180126s1996 xo a r 0 slo |
| 020 |
|
|
|c 10,00
|
| 035 |
|
|
|a SNK000324561
|
| 040 |
|
|
|a SNK
|b slo
|c SNK
|e AACR2
|
| 044 |
|
|
|a xo
|c SK
|
| 080 |
|
|
|a 627.8(282.243.73)
|2 1981
|
| 245 |
1 |
|
|a Podunajské pohľadnice
|n 1
|c [zostavil:] Ivan Lehotský ; fotodokumentácia: Peter Brenkus
|
| 260 |
|
|
|a [Bratislava
|b L'ART/JUVEN]
|c 1996
|
| 300 |
|
|
|a 19 s.
|c 22 cm
|
| 651 |
|
7 |
|a Gabčíkovo (Slovensko : vodné dielo)
|2 SNK
|9 131675
|
| 700 |
1 |
|
|a Lehotský, Ivan
|4 aut
|9 6536
|
| 700 |
1 |
|
|a Brenkus, Peter,
|d 1961-
|4 fot
|9 101175
|
| 999 |
|
|
|c 808271
|d 810201
|
| 952 |
|
|
|t P60, <03>, [BOOK], {603}
|a SNK
|b SNK
|y PREZ
|7 0
|p 17A0203239
|o snkOSC 20353/1
|i snkK 908/99
|g 0.33
|0 0
|1 0
|4 0
|d 1999-08-25
|l 0
|r 2005-01-02 00:00:00
|w 2026-02-24
|